| 000 | 01300nam a2200217 a 4500 | ||
|---|---|---|---|
| 001 | 000279770 | ||
| 003 | AM-YEHGA | ||
| 005 | 20250618075336.0 | ||
| 008 | 031105s1901 ai r 000 0 arm d | ||
| 040 | _aAM-YeHGA | ||
| 041 | 0 | _aarm | |
| 100 | 1 |
_aԽրիմյան, Հայրիկ, _cԱմենայն Հայոց Կաթողիկոս, _d1820-1907 _93503 |
|
| 245 | 1 | 0 |
_aՎերջալոյսի ձայներ / _cՈղբագրեց եւ հոգեգրեց՝ Հայրիկ Խրիմեան; Առաջաբ.և հրատ.՝ Մառի Պէյլէրեան (Սօնէ). |
| 260 |
_aԳահիրէ : _bտպ. Ե. Թորոսեան, _c1901. |
||
| 300 |
_aI-IV, 77 էջ : _bլուսանկ. ; _c19 սմ. |
||
| 501 | _aԱլիգ. 1. Կազմակից են՝ Հ. Փոսկոլեայ՝ Յաղագս գերեզմանաց.- Վենետիկ, 1864 ; Վ. Հիւկօ՝ Առ սքողեալն.- Կ. Պոլիս,1886 ; Վ. Չուգասըզեան՝ Ռումբ մեծ նահատակներուն Գալուստի եւ Յաբեթի յիշատակին.- Նիւ Եօրք, 1911 ; Խ.Ս. Բաղտասարեան՝ Խօսուն նշոյլք.- Կ. Պօլիս, 1890 | ||
| 650 | 1 | 4 |
_aՀայ գրականություն _xՊոեզիա |
| 700 | 1 |
_aՊեյլերյան, Մառի, _d1880-1915 _eառաջաբ., հրատ. _4aui _4pbl _9781 |
|
| 942 |
_2udc _cBK |
||
| 090 | _c457954 | ||
| 999 |
_c454955 _d454955 |
||